El cometa Halley /

Guardado en:
Detalles Bibliográficos
Autor principal: Tattersfield, Donald (autor)
Formato: Libro
Idioma:Español
Publicado: México : Fondo de Cultura Económica, 1986
Temas:
Etiquetas: Agrega una etiqueta
Sin etiquetas, Sé el primero en etiquetar este registro!

MARC

LEADER 00000nam^a2200000^a^4500
001 000004859
005 20250521000000.0
009 20260310083322.31
037 |a Acervo ITESO - Biblioteca 
041 |a ESP 
082 |a 523. 6  |b TAT 
100 |a Tattersfield, Donald  |e (autor) 
245 1 3 |a El cometa Halley /  |c D. Tattersfield. 
264 1 |a México :  |b Fondo de Cultura Económica,  |c 1986 
300 |a 206 p. 
336 |a texto  |b txt  |2 rdacontenido 
337 |a sin mediación  |b n  |2 rdamedio 
338 |a volumen  |b nc  |2 rdasoporte 
649 |a XX 
650 |a Cometa Halley -  |x Tema Principal 
650 |a Cuerpos Celestes 
650 |a Astronomía 
910 |a Fondo General 
920 |a Impresos - Libros 
930 |a Colección General 
905 |a 101 
901 |a 0048590100  |b IT1  |c ACC  |i 004859  |u 20250521 
902 |a https://opac.biblio.iteso.mx/vufind/Record/000004859